Hauptstädte der Bundesländer (Deutschland) - Statistiken

Allgemein
  • Dieses Quiz wurde 1.280 mal gespielt
  • Das Durchschnittsergebnis liegt bei 14 aus 16
Antwortstatistiken
Bundesländer Hauptstadt % Korrekt
Berlin Berlin
99%
Bayern München
99%
Hamburg Hamburg
98%
Bremen Bremen
97%
Baden-Württemberg Stuttgart
89%
Saarland Saarbrücken
88%
Schleswig-Holstein Kiel
87%
Nordrhein-Westfalen Düsseldorf
85%
Sachsen Dresden
84%
Brandenburg Potsdam
84%
Niedersachsen Hannover
80%
Rheinland-Pfalz Mainz
79%
Thüringen Erfurt
77%
Mecklenburg-Vorpommern Schwerin
76%
Hessen Wiesbaden
73%
Sachsen-Anhalt Magdeburg
70%
Keine übereinstimmenden Quizze gefunden
Verteilung der Resultate
Anzahl Personen mit jedem Resultat
Perzentil nach korrekt beantworteten Fragen
Ihre Resultats-Entwicklung
Sie haben dieses Quiz noch nicht gespielt